Children's Books by Cover II Quiz Stats

 Plays Quiz Updated Jan 29, 2015

Challenge
Share
Tweet
Score 0/20 Timer 06:00
2 Plays Today
Number Title % Correct
Winnie-the-Pooh
96.2%
Curious George
92%
Charlotte's Web
82.9%
Where the Wild Things Are
78.8%
The Lorax
77.5%
Alice's Adventures in Wonderland
61.8%
If You Give a Mouse a Cookie
58.2%
Madeline
53%
Harold and the Purple Crayon
43%
The BFG
42.3%
Number Title % Correct
Olivia
32.2%
The Phantom Tollbooth
29.5%
Brown Bear, Brown Bear, What Do You See?
28.6%
Number the Stars
24.2%
Make Way for Ducklings
21.6%
Hoot
20.8%
Pat the Bunny
20.5%
Because of Winn-Dixie
18.5%
Everyone Poops
15.7%
Don't Let the Pigeon Drive the Bus!
12.3%

You're not logged in!

Compare scores with friends on all Sporcle quizzes.
Join for Free
OR
Log In

You Might Also Like...

Show Comments

Extras

Top Quizzes Today


Score Distribution

Your Account Isn't Verified!

In order to create a playlist on Sporcle, you need to verify the email address you used during registration. Go to your Sporcle Settings to finish the process.

Report this User

Report this user for behavior that violates our Community Guidelines.

Details: